[Event "Swiss Queens Wed #9"]
[Site "FIDE Online Arena INT"]
[Date "2024.03.27"]
[Round "8"]
[White "Arabidze, Meri"]
[Black "Zhukova, Natalia"]
[Result "1/2-1/2"]
[WhiteElo "2458"]
[BlackElo "2301"]
[PlyCount "162"]
[EventDate "2024.03.27"]
[EventType "swiss (blitz)"]
[EventRounds "11"]
[EventCountry "NET"]
[SourceTitle "CB14_2024"]
[SourceDate "2024.04.01"]
[SourceVersion "1"]
[SourceVersionDate "2024.04.01"]
[SourceQuality "1"]

1. Nf3 Nf6 2. b3 d5 3. Bb2 c5 4. e3 a6 5. c4 e6 6. cxd5 exd5 7. d4 Nc6 8. Be2 cxd4 9. Nxd4 Bb4+ 10. Bc3 Bd6 11. 0-0 0-0 12. Nd2 Ne5 13. h3 Re8 14. Bb2 Ne4 15. N2f3 Qf6 16. Nxe5 Bxe5 17. Bg4 Bxg4 18. Qxg4 Rac8 19. Rad1 Qg6 20. Qxg6 hxg6 21. Rfe1 Red8 22. Re2 Rc7 23. Nb5 Re7 24. Bxe5 Rxe5 25. Nd4 Nc3 26. Red2 Nxd1 27. Rxd1 Rc8 28. Kf1 Re7 29. Ke2 Rec7 30. h4 Kf8 31. g3 Ke7 32. Kf3 Rc1 33. Rd2 R1c5 34. Ne2 Rc2 35. Rxd5 Rxa2 36. Nd4 Rc1 37. Re5+ Kd6 38. Rg5 Rb1 39. h5 Rbb2 40. hxg6 Rxf2+ 41. Ke4 fxg6 42. Rxg6+ Ke7 43. Rxg7+ Rf7 44. Rg6 Rg2 45. Nf5+ Kf8 46. Rd6 Ke8 47. Rh6 Kd7 48. Rh8 Kc7 49. Rg8 Rb2 50. g4 Rxb3 51. Kf4 Rb4+ 52. e4 a5 53. g5 Rd7 54. g6 Rd1 55. Ra8 Rf1+ 56. Ke5 Re1 57. g7 Rexe4+ 58. Kf6 Rg4 59. g8Q Rxg8 60. Rxg8 a4 61. Ra8 b5 62. Ke5 a3 63. Rxa3 Ra4 64. Rc3+ Kb6 65. Nd4 Rc4 66. Rb3 b4 67. Kd5 Rc3 68. Rxb4+ Kc7 69. Ra4 Kd7 70. Ra7+ Ke8 71. Ke6 Re3+ 72. Kf6 Re1 73. Ne6 Rf1+ 74. Ke5 Re1+ 75. Kd5 Rd1+ 76. Nd4 Rd2 77. Ke5 Rd1 78. Kd5 Rd2 79. Ke6 Rxd4 80. Ra8+ Rd8 81. Rxd8+ Kxd8 1/2-1/2

[Event "Swiss Queens Wed #9"]
[Site "FIDE Online Arena INT"]
[Date "2024.03.27"]
[Round "5"]
[White "Kanyamarala, Trisha"]
[Black "Zhukova, Natalia"]
[Result "1-0"]
[WhiteElo "2294"]
[BlackElo "2301"]
[PlyCount "95"]
[EventDate "2024.03.27"]
[EventType "swiss (blitz)"]
[EventRounds "11"]
[EventCountry "NET"]
[SourceTitle "CB14_2024"]
[SourceDate "2024.04.01"]
[SourceVersion "1"]
[SourceVersionDate "2024.04.01"]
[SourceQuality "1"]

1. c4 Nf6 2. Nc3 c5 3. d3 d5 4. cxd5 Nxd5 5. g3 Nc6 6. Bg2 e6 7. Nf3 Be7 8. 0-0 0-0 9. Bd2 Nc7 10. Rc1 e5 11. Na4 Ne6 12. Be3 Qa5 13. b3 Bd7 14. Nd2 f5 15. Nc4 Qc7 16. Ncb2 b6 17. Nc3 Rad8 18. Nd5 Qb8 19. b4 f4 20. Bd2 Ned4 21. b5 Nxb5 22. Qb3 Kh8 23. Qxb5 Nd4 24. Qc4 Nxe2+ 25. Kh1 Bd6 26. f3 Nxc1 27. Qxc1 Be6 28. Nc3 Bc7 29. Qc2 a6 30. Ne4 Rd7 31. Bc3 Rfd8 32. Ng5 Bf5 33. gxf4 exf4 34. Qb3 Rf8 35. Rg1 Qe8 36. Ne4 Qh5 37. Nd1 Rxd3 38. Ndf2 Rxf3 39. Bxg7+ Kxg7 40. Bxf3+ Qg6 41. Rxg6+ hxg6 42. Qc3+ Kh6 43. Qd2 Rd8 44. Qb2 Rd4 45. Kg2 b5 46. Qc3 Bb6 47. Qb3 b4 48. Qf7 1-0

[Event "Swiss Queens Wed #9"]
[Site "FIDE Online Arena INT"]
[Date "2024.03.27"]
[Round "10"]
[White "Shubenkova, Veronika"]
[Black "Zhukova, Natalia"]
[Result "0-1"]
[WhiteElo "2007"]
[BlackElo "2301"]
[PlyCount "90"]
[EventDate "2024.03.27"]
[EventType "swiss (blitz)"]
[EventRounds "11"]
[EventCountry "NET"]
[SourceTitle "CB14_2024"]
[SourceDate "2024.04.01"]
[SourceVersion "1"]
[SourceVersionDate "2024.04.01"]
[SourceQuality "1"]

1. d4 Nf6 2. e3 d5 3. f4 c5 4. Nf3 Nc6 5. c3 Bf5 6. Bd3 e6 7. 0-0 Bd6 8. Ne5 0-0 9. Qe2 Ne4 10. Nd2 f6 11. Nxc6 bxc6 12. g4 Bg6 13. f5 exf5 14. gxf5 Bf7 15. Nxe4 dxe4 16. Bxe4 Qc7 17. Qg2 Rab8 18. b3 Kh8 19. Bf3 cxd4 20. exd4 c5 21. d5 Be5 22. Bd2 c4 23. b4 a5 24. a3 Qd6 25. Kh1 Rb5 26. a4 Rxd5 27. Be3 Bxc3 28. Rac1 axb4 29. Rg1 Rg8 30. Qh3 Rd3 31. Rg3 Re8 32. Qg4 Qf8 33. Bc5 Qg8 34. Rcg1 Rxf3 35. Rxf3 Bd5 36. Rg2 Re1+ 37. Bg1 Bd4 38. h4 Bxg1 39. Rxg1 Re3 40. Rgg3 Rxf3 41. Rxf3 Qa8 42. Kh2 Bxf3 43. Qxc4 Qb8+ 44. Kg1 b3 45. Kf2 b2 0-1

[Event "Swiss Queens Wed #9"]
[Site "FIDE Online Arena INT"]
[Date "2024.03.27"]
[Round "2"]
[White "Zhukova, Natalia"]
[Black "Bashirli, Saadat"]
[Result "0-1"]
[WhiteElo "2301"]
[BlackElo "1803"]
[PlyCount "152"]
[EventDate "2024.03.27"]
[EventType "swiss (blitz)"]
[EventRounds "11"]
[EventCountry "NET"]
[SourceTitle "CB14_2024"]
[SourceDate "2024.04.01"]
[SourceVersion "1"]
[SourceVersionDate "2024.04.01"]
[SourceQuality "1"]

1. c4 e6 2. Nf3 d5 3. g3 Nf6 4. Bg2 c6 5. b3 Bd6 6. Bb2 0-0 7. 0-0 Nbd7 8. d4 Re8 9. Nbd2 b6 10. Qc2 Bb7 11. e4 dxe4 12. Nxe4 Nxe4 13. Qxe4 Nf6 14. Qe2 c5 15. dxc5 Bxc5 16. Rad1 Qe7 17. Ne5 Bxg2 18. Kxg2 Qc7 19. Nd3 Be7 20. Qf3 Rac8 21. Ne5 Red8 22. g4 h6 23. h4 Bd6 24. Rfe1 Nh7 25. Rd3 Bxe5 26. Bxe5 Qe7 27. Bg3 Rxd3 28. Qxd3 Rd8 29. Qf3 Qd7 30. Re2 Qd3 31. Qxd3 Rxd3 32. Rc2 Nf6 33. f3 Nd7 34. Kf2 e5 35. Bh2 Kf8 36. Ke2 Rd6 37. Bg1 Rc6 38. b4 Ke7 39. a4 f6 40. a5 Ke6 41. b5 Rc8 42. axb6 axb6 43. Kd3 Ra8 44. Be3 Ra3+ 45. Rc3 Ra1 46. Rc2 Ra3+ 47. Rc3 Ra1 48. f4 exf4 49. Bxf4 Nc5+ 50. Ke3 Re1+ 51. Kf3 Rf1+ 52. Ke3 Re1+ 53. Kf3 Rf1+ 54. Ke3 Ra1 55. g5 hxg5 56. hxg5 f5 57. Rc2 Re1+ 58. Kf2 Nd3+ 59. Kf3 Rf1+ 60. Ke2 Rxf4 61. Kxd3 Kd6 62. Kc3 Rg4 63. Kb4 Rxg5 64. Rd2+ Kc7 65. Re2 g6 66. Re6 Rg4 67. Rc6+ Kb7 68. Kb3 Rg3+ 69. Kb4 f4 70. c5 bxc5+ 71. Kxc5 Rc3+ 72. Kd6 Rxc6+ 73. bxc6+ Kc8 74. Ke5 f3 75. Kf6 f2 76. Kxg6 f1Q 0-1

[Event "Swiss Queens Wed #9"]
[Site "FIDE Online Arena INT"]
[Date "2024.03.27"]
[Round "9"]
[White "Zhukova, Natalia"]
[Black "Kusakina, Uliana"]
[Result "1-0"]
[WhiteElo "2301"]
[BlackElo "1761"]
[PlyCount "61"]
[EventDate "2024.03.27"]
[EventType "swiss (blitz)"]
[EventRounds "11"]
[EventCountry "NET"]
[SourceTitle "CB14_2024"]
[SourceDate "2024.04.01"]
[SourceVersion "1"]
[SourceVersionDate "2024.04.01"]
[SourceQuality "1"]

1. c4 Nc6 2. Nf3 e5 3. Nc3 d6 4. d4 exd4 5. Nxd4 Nf6 6. g3 Nxd4 7. Qxd4 Be7 8. Bg2 0-0 9. 0-0 Nd7 10. b3 Bf6 11. Qd2 h6 12. Bb2 Re8 13. Rad1 Nf8 14. Rfe1 Ng6 15. e4 Bd7 16. h3 Qc8 17. Kh2 a5 18. a4 Ne7 19. f4 Nc6 20. e5 Be7 21. Nd5 Be6 22. Nxe7+ Nxe7 23. exd6 Rd8 24. Qc3 Nf5 25. g4 f6 26. gxf5 Bxf5 27. Re7 cxd6 28. Rxg7+ Kh8 29. Qxf6 Rg8 30. Qxh6+ Bh7 31. Qxh7# 1-0

[Event "Swiss Queens Wed #9"]
[Site "FIDE Online Arena INT"]
[Date "2024.03.27"]
[Round "11"]
[White "Zhukova, Natalia"]
[Black "Nguyen, Thanh Thuy Tien"]
[Result "1-0"]
[WhiteElo "2301"]
[BlackElo "2069"]
[PlyCount "77"]
[EventDate "2024.03.27"]
[EventType "swiss (blitz)"]
[EventRounds "11"]
[EventCountry "NET"]
[SourceTitle "CB14_2024"]
[SourceDate "2024.04.01"]
[SourceVersion "1"]
[SourceVersionDate "2024.04.01"]
[SourceQuality "1"]

1. c4 e5 2. Nc3 Nf6 3. Nf3 Nc6 4. e4 Bb4 5. d3 0-0 6. a3 Bxc3+ 7. bxc3 d6 8. g3 Be6 9. Bg2 h6 10. 0-0 Qd7 11. Rb1 b6 12. Nh4 Nh7 13. f4 f6 14. Ng6 Rf7 15. f5 Rd8 16. fxe6 Qxe6 17. h4 Nf8 18. Nxf8 Rfxf8 19. Kh2 Ne7 20. Qh5 c6 21. Bh3 f5 22. exf5 Qf6 23. Bg5 Qf7 24. Qxf7+ Kxf7 25. Bxe7 Kxe7 26. Rbe1 c5 27. d4 Kf6 28. Bg2 Rc8 29. Bd5 Rfe8 30. Be6 Rc7 31. dxe5+ dxe5 32. Re2 g6 33. g4 h5 34. g5+ Kg7 35. f6+ Kh7 36. Rxe5 a6 37. a4 Rd8 38. Bd5 Rf8 39. Re7+ 1-0

[Event "Swiss Queens Wed #7"]
[Site "FIDE Online Arena INT"]
[Date "2024.03.13"]
[Round "7"]
[White "Jarocka, Liwia"]
[Black "Zhukova, Natalia"]
[Result "0-1"]
[WhiteElo "2200"]
[BlackElo "2301"]
[PlyCount "116"]
[EventDate "2024.03.13"]
[EventType "swiss (blitz)"]
[EventRounds "11"]
[EventCountry "NET"]
[SourceTitle "CB12_2024"]
[SourceDate "2023.10.01"]
[SourceVersion "1"]
[SourceVersionDate "2023.10.01"]
[SourceQuality "1"]

1. e4 Nf6 2. e5 Nd5 3. Nf3 d6 4. Bc4 c6 5. 0-0 Bg4 6. exd6 Qxd6 7. h3 Bh5 8. d4 e6 9. Re1 Be7 10. c3 0-0 11. Nbd2 Nf6 12. Nf1 c5 13. Ng3 Bxf3 14. Qxf3 Nc6 15. Bf4 Qd8 16. dxc5 Bxc5 17. b4 Be7 18. Rad1 Qc8 19. Bb3 Rd8 20. Ne4 Nxe4 21. Qxe4 Bf6 22. Rxd8+ Qxd8 23. Re3 Qe7 24. Rg3 Rd8 25. Be3 Qd6 26. Bc5 Qe5 27. Qg4 Qe1+ 28. Kh2 Ne5 29. Qf4 Ng6 30. Qe3 Qxe3 31. Rxe3 b6 32. Bd4 Bxd4 33. cxd4 Rxd4 34. a3 Kf8 35. g3 Ke7 36. h4 Kd6 37. Kg2 Ne5 38. Bc2 Rd2 39. Bxh7 f5 40. Bg8 Rd3 41. Re1 Rxa3 42. Rd1+ Ke7 43. Rc1 Nd3 44. Rc7+ Kf6 45. Rc6 Ke7 46. Rxe6+ Kf8 47. Bh7 Ra2 48. Rd6 Nxf2 49. Kg1 Ne4 50. Rd8+ Ke7 51. Ra8 Kf6 52. Rf8+ Ke5 53. Re8+ Kd4 54. Bxf5 Nxg3 55. Rd8+ Ke3 56. Bg6 Ne2+ 57. Kf1 Nf4 58. Re8+ Kf3 0-1

[Event "Swiss Queens Wed #7"]
[Site "FIDE Online Arena INT"]
[Date "2024.03.13"]
[Round "3"]
[White "Kamala, Priya Batta"]
[Black "Zhukova, Natalia"]
[Result "0-1"]
[WhiteElo "1414"]
[BlackElo "2301"]
[PlyCount "88"]
[EventDate "2024.03.13"]
[EventType "swiss (blitz)"]
[EventRounds "11"]
[EventCountry "NET"]
[SourceTitle "CB12_2024"]
[SourceDate "2023.10.01"]
[SourceVersion "1"]
[SourceVersionDate "2023.10.01"]
[SourceQuality "1"]

1. e4 e5 2. Nf3 Nc6 3. Bc4 Bc5 4. c3 Nf6 5. d4 exd4 6. cxd4 Bb4+ 7. Bd2 Bxd2+ 8. Nbxd2 d5 9. exd5 Nxd5 10. 0-0 0-0 11. Re1 h6 12. Qb3 Nb6 13. Qd1 Nxd4 14. Nxd4 Qxd4 15. Bb3 c6 16. Nf3 Qf6 17. Qd2 Be6 18. Bxe6 fxe6 19. Rxe6 Qxe6 20. Re1 Qd5 21. Qxd5+ Nxd5 22. a3 Rfe8 23. Rxe8+ Rxe8 24. g3 Re2 25. Kg2 Rxb2 26. Nd4 Ra2 27. Nb3 Rxa3 28. Nc5 b5 29. Ne6 b4 30. Nd4 b3 31. Nxc6 b2 32. Nd4 b1Q 33. Nf3 Qe4 34. Kf1 Qxf3 35. Ke1 Ra1+ 36. Kd2 Qxf2+ 37. Kd3 Ra3+ 38. Ke4 Re3+ 39. Kxd5 Qd2+ 40. Kc6 Rc3+ 41. Kb7 Qb2+ 42. Ka8 Rc8+ 43. Kxa7 Rc3 44. Ka8 Ra3# 0-1

[Event "Swiss Queens Wed #7"]
[Site "FIDE Online Arena INT"]
[Date "2024.03.13"]
[Round "1"]
[White "Zhukova, Natalia"]
[Black "Gorli, Nyna"]
[Result "1-0"]
[WhiteElo "2301"]
[BlackElo "1769"]
[PlyCount "77"]
[EventDate "2024.03.13"]
[EventType "swiss (blitz)"]
[EventRounds "11"]
[EventCountry "NET"]
[SourceTitle "CB12_2024"]
[SourceDate "2023.10.01"]
[SourceVersion "1"]
[SourceVersionDate "2023.10.01"]
[SourceQuality "1"]

1. c4 Nf6 2. Nc3 e6 3. e4 Nc6 4. d4 Bb4 5. e5 Ne4 6. Qd3 Nxc3 7. bxc3 Ba5 8. Nf3 d5 9. Ba3 dxc4 10. Qxc4 Ne7 11. Bxe7 Bxc3+ 12. Qxc3 Qxe7 13. Bd3 0-0 14. 0-0 b6 15. Qc6 Rb8 16. Rac1 Bb7 17. Qxc7 Qxc7 18. Rxc7 Bxf3 19. gxf3 Rfd8 20. Rd1 g6 21. Be4 a5 22. a4 b5 23. Ra7 bxa4 24. Rxa5 Rb4 25. d5 Kg7 26. d6 Rc4 27. Kg2 Rd7 28. Ra1 f6 29. R1xa4 Rxa4 30. Rxa4 fxe5 31. Ra6 Kf6 32. Bd3 e4 33. Bb5 Rd8 34. fxe4 Ke5 35. d7 Kxe4 36. Ra8 Rxa8 37. Bc6+ Ke5 38. Bxa8 Kf5 39. d8Q 1-0

[Event "Swiss Queens Wed #5"]
[Site "FIDE Online Arena INT"]
[Date "2024.02.28"]
[Round "3"]
[White "Babiy, Olga"]
[Black "Zhukova, Natalia"]
[Result "1/2-1/2"]
[WhiteElo "2303"]
[BlackElo "2301"]
[PlyCount "95"]
[EventDate "2024.02.28"]
[EventType "swiss (blitz)"]
[EventRounds "11"]
[EventCountry "NET"]
[SourceTitle "CB10_2024"]
[SourceDate "2024.03.06"]
[SourceVersion "1"]
[SourceVersionDate "2024.03.06"]
[SourceQuality "1"]

1. d4 Nf6 2. Nf3 d5 3. Bf4 e6 4. e3 Bd6 5. Nbd2 c5 6. c3 Nc6 7. Bd3 Qc7 8. Bg3 b6 9. Qe2 0-0 10. Bb5 Bb7 11. Bxc6 Bxc6 12. Ne5 Bb7 13. f4 Ne4 14. Nxe4 dxe4 15. 0-0 f6 16. Nc4 Ba6 17. b3 f5 18. Rac1 Be7 19. Qh5 Rac8 20. Rfd1 cxd4 21. cxd4 b5 22. Ne5 Qxc1 23. Rxc1 Rxc1+ 24. Kf2 Rc2+ 25. Ke1 Bb4+ 26. Kd1 Rxa2 27. Nc6 Rd2+ 28. Ke1 Bc3 29. b4 Rb2+ 30. Kf1 Bxb4 31. h3 Bd6 32. Kg1 b4 33. Qd1 Bd3 34. Qa4 b3 35. Kh2 Rb1 36. Nb4 Bxb4 37. Qxb4 b2 38. Qb3 Kh8 39. Qb4 Rg8 40. Bh4 a5 41. Qb7 a4 42. Bf6 a3 43. Bxg7+ Rxg7 44. Qb8+ Rg8 45. Qe5+ Rg7 46. Qb8+ Rg8 47. Qe5+ Rg7 48. Qb8+ 1/2-1/2

[Event "Swiss Queens Wed #5"]
[Site "FIDE Online Arena INT"]
[Date "2024.02.28"]
[Round "2"]
[White "Paramzina, Anastasya"]
[Black "Zhukova, Natalia"]
[Result "0-1"]
[WhiteElo "2233"]
[BlackElo "2301"]
[PlyCount "62"]
[EventDate "2024.02.28"]
[EventType "swiss (blitz)"]
[EventRounds "11"]
[EventCountry "NET"]
[SourceTitle "CB10_2024"]
[SourceDate "2024.03.06"]
[SourceVersion "1"]
[SourceVersionDate "2024.03.06"]
[SourceQuality "1"]

1. e4 e6 2. d4 d5 3. e5 c5 4. c3 Nc6 5. Nf3 Bd7 6. Bd3 Rc8 7. dxc5 Bxc5 8. 0-0 Nge7 9. b4 Bb6 10. Bf4 Ng6 11. Bg3 0-0 12. h4 f6 13. Bxg6 hxg6 14. Qd3 fxe5 15. Qxg6 Rf6 16. Qg4 e4 17. Ng5 Qf8 18. a4 a6 19. Na3 e3 20. b5 exf2+ 21. Kh1 Na5 22. Be5 Rh6 23. Nc2 Qf5 24. Ne3 Qxg4 25. Nxg4 Rxh4+ 26. Nh2 Nc4 27. Bg3 Rh5 28. Ngf3 Ne3 29. Bxf2 Nxf1 30. Bxb6 Nxh2 31. Nxh2 axb5 0-1

[Event "Swiss Queens Wed #5"]
[Site "FIDE Online Arena INT"]
[Date "2024.02.28"]
[Round "9"]
[White "Travkina, Anastasia"]
[Black "Zhukova, Natalia"]
[Result "0-1"]
[WhiteElo "2202"]
[BlackElo "2301"]
[PlyCount "86"]
[EventDate "2024.02.28"]
[EventType "swiss (blitz)"]
[EventRounds "11"]
[EventCountry "NET"]
[SourceTitle "CB10_2024"]
[SourceDate "2024.03.06"]
[SourceVersion "1"]
[SourceVersionDate "2024.03.06"]
[SourceQuality "1"]

1. e4 e6 2. d4 d5 3. Nc3 Nf6 4. Bg5 Bb4 5. e5 h6 6. Bh4 g5 7. Bg3 Ne4 8. Nge2 c5 9. a3 Ba5 10. b4 Nxc3 11. Nxc3 cxb4 12. Nb5 b3+ 13. c3 a6 14. Nd6+ Kf8 15. Qxb3 Nc6 16. 0-0-0 b5 17. h4 g4 18. h5 Ra7 19. Bf4 Rc7 20. Kb1 Ne7 21. Rd3 Nf5 22. Be2 Rg8 23. Nxf5 exf5 24. Bxh6+ Ke8 25. f3 Be6 26. fxg4 fxg4 27. Rf1 Qd7 28. Ka2 Rh8 29. Rf6 Qc8 30. Kb2 Rc6 31. Rg3 Bd8 32. Bg7 Bxf6 33. Bxf6 Rxh5 34. Qd1 Rh2 35. Bxg4 Bxg4 36. Qxg4 Qxg4 37. Rxg4 Kd7 38. Rg8 Ke6 39. Kb3 Kf5 40. g4+ Ke4 41. g5 Kd3 42. g6 a5 43. c4 dxc4# 0-1

[Event "Swiss Queens Wed #4"]
[Site "FIDE Online Arena INT"]
[Date "2024.02.21"]
[Round "10"]
[White "Aliaga Fernandez, Ingrid Yadira"]
[Black "Zhukova, Natalia"]
[Result "1-0"]
[WhiteElo "2147"]
[BlackElo "2301"]
[PlyCount "101"]
[EventDate "2024.02.21"]
[EventType "swiss (blitz)"]
[EventRounds "11"]
[EventCountry "NET"]
[SourceTitle "CB09_2024"]
[SourceDate "2024.02.28"]
[SourceVersion "1"]
[SourceVersionDate "2024.02.28"]
[SourceQuality "1"]

1. e4 e5 2. Nf3 Nc6 3. Bc4 Bc5 4. d3 Nf6 5. 0-0 0-0 6. Bg5 h6 7. Bh4 Be7 8. c3 d5 9. Bxf6 dxc4 10. Bxe7 Qxe7 11. dxc4 Bg4 12. Nbd2 a5 13. Qe2 a4 14. Qe3 b6 15. Rfe1 Rfd8 16. h3 Be6 17. Red1 f6 18. b3 Qa3 19. Ne1 axb3 20. axb3 Qxa1 21. Rxa1 Rxa1 22. Kh2 Na5 23. c5 bxc5 24. Nef3 Nb7 25. Qe2 Ra2 26. Qb5 Nd6 27. Qxc5 Rd7 28. b4 Nf7 29. b5 Rb2 30. c4 Kh7 31. Nf1 Nd8 32. Ne3 Nb7 33. Qf8 Rxf2 34. Nd5 Bxd5 35. cxd5 Rc2 36. Qe8 Rd8 37. Qe6 Ra8 38. Qf5+ Kg8 39. Nh4 Raa2 40. Qc8+ Kh7 41. Qf5+ Kg8 42. Qc8+ Kh7 43. Qxb7 g5 44. d6 gxh4 45. Qxc7+ Rxc7 46. dxc7 Rc2 47. b6 Kg6 48. b7 Rxc7 49. b8Q Rc4 50. Qg8+ Kh5 51. Qg4# 1-0

[Event "Swiss Queens Wed #3"]
[Site "FIDE Online Arena INT"]
[Date "2024.02.14"]
[Round "2"]
[White "Gomez Barrera, Javiera Belen"]
[Black "Zhukova, Natalia"]
[Result "0-1"]
[WhiteElo "2217"]
[BlackElo "2301"]
[PlyCount "70"]
[EventDate "2024.02.14"]
[EventType "swiss (blitz)"]
[EventRounds "11"]
[EventCountry "NET"]
[SourceTitle "CB08_2024"]
[SourceDate "2024.02.21"]
[SourceVersion "1"]
[SourceVersionDate "2024.02.21"]
[SourceQuality "1"]

1. e4 e5 2. Nf3 Nc6 3. Bb5 a6 4. Ba4 g6 5. c3 Bg7 6. 0-0 b5 7. Bc2 Nge7 8. a4 Rb8 9. axb5 axb5 10. d4 exd4 11. cxd4 0-0 12. d5 Nb4 13. Bb3 c5 14. Qd2 d6 15. h3 Na6 16. Nc3 c4 17. Bc2 b4 18. Ne2 Nc5 19. Ned4 Qb6 20. Qe2 Ba6 21. Re1 c3 22. Qd1 b3 23. Bb1 c2 24. Bxc2 bxc2 25. Qxc2 Nd3 26. Rd1 Rfc8 27. Qa4 Nxc1 28. Raxc1 Rxc1 29. Rxc1 Bd3 30. Nc6 Nxc6 31. Rxc6 Qxb2 32. Kh2 Bb5 33. Qc2 Bxc6 34. Qxc6 Be5+ 35. Nxe5 Qxe5+ 0-1

[Event "Swiss Queens Wed #3"]
[Site "FIDE Online Arena INT"]
[Date "2024.02.14"]
[Round "5"]
[White "Kubicka, Anna"]
[Black "Zhukova, Natalia"]
[Result "1/2-1/2"]
[WhiteElo "2278"]
[BlackElo "2301"]
[PlyCount "118"]
[EventDate "2024.02.14"]
[EventType "swiss (blitz)"]
[EventRounds "11"]
[EventCountry "NET"]
[SourceTitle "CB08_2024"]
[SourceDate "2024.02.21"]
[SourceVersion "1"]
[SourceVersionDate "2024.02.21"]
[SourceQuality "1"]

1. e4 e5 2. Nf3 Nc6 3. Bb5 a6 4. Ba4 g6 5. 0-0 Bg7 6. d4 Nxd4 7. Nxd4 exd4 8. Bb3 Ne7 9. Nd2 0-0 10. Nf3 c5 11. a4 d5 12. exd5 Nxd5 13. Bg5 Qd6 14. h3 h6 15. Bh4 f5 16. Be7 Qxe7 17. Bxd5+ Kh7 18. Re1 Qd6 19. Bc4 Bd7 20. Nh4 Qf6 21. Nf3 Rfe8 22. Qd2 Bc6 23. Qf4 Re4 24. Qc7 Rae8 25. Bd3 Rxe1+ 26. Rxe1 Rxe1+ 27. Nxe1 Qe6 28. Kf1 Bxa4 29. Qxb7 c4 30. Be2 Bxc2 31. Bf3 Be4 32. Bxe4 fxe4 33. Qc7 d3 34. Qd8 Bxb2 35. g3 Bg7 36. Ng2 Qxh3 37. Kg1 g5 38. Qd5 Qg4 39. Qxc4 d2 40. Ne3 Qf3 41. Qd5 h5 42. Qxd2 h4 43. gxh4 gxh4 44. Qd7 h3 45. Qg4 Qxg4+ 46. Nxg4 a5 47. Ne3 a4 48. Nc2 Bb2 49. Kh2 a3 50. Kxh3 a2 51. Kg4 Kg6 52. Kf4 Kf6 53. Kxe4 Ke6 54. Kd3 Kd6 55. Kc4 a1Q 56. Nxa1 Bxa1 57. f4 Bf6 58. f5 Ke5 59. Kd3 Kxf5 1/2-1/2

[Event "Swiss Queens Wed #3"]
[Site "FIDE Online Arena INT"]
[Date "2024.02.14"]
[Round "10"]
[White "Zaksaite, Salomeja"]
[Black "Zhukova, Natalia"]
[Result "1-0"]
[WhiteElo "2212"]
[BlackElo "2301"]
[PlyCount "77"]
[EventDate "2024.02.14"]
[EventType "swiss (blitz)"]
[EventRounds "11"]
[EventCountry "NET"]
[SourceTitle "CB08_2024"]
[SourceDate "2024.02.21"]
[SourceVersion "1"]
[SourceVersionDate "2024.02.21"]
[SourceQuality "1"]

1. e4 e5 2. Nf3 Nc6 3. d4 exd4 4. Nxd4 Nf6 5. Nxc6 bxc6 6. Bd3 d5 7. exd5 cxd5 8. 0-0 Be7 9. c4 0-0 10. Nc3 d4 11. Ne4 Bb7 12. Nxf6+ Bxf6 13. Bf4 c5 14. Qh5 g6 15. Qxc5 Bg7 16. Rfe1 Re8 17. a3 Qd7 18. b4 h5 19. Qc7 Rxe1+ 20. Rxe1 Qxc7 21. Bxc7 Rc8 22. Bd6 Bf8 23. Bxf8 Kxf8 24. c5 Bd5 25. f3 f5 26. Kf2 Kf7 27. Ke2 Kf6 28. Kd2 g5 29. Ba6 Rc7 30. Kd3 g4 31. Kxd4 Ba8 32. fxg4 hxg4 33. g3 Bf3 34. b5 Rd7+ 35. Kc4 Rd2 36. b6 axb6 37. cxb6 Rb2 38. Kc5 Rxh2 39. Rb1 1-0

[Event "Swiss Queens Wed #3"]
[Site "FIDE Online Arena INT"]
[Date "2024.02.14"]
[Round "1"]
[White "Zhukova, Natalia"]
[Black "Travkina, Anastasia"]
[Result "1-0"]
[WhiteElo "2301"]
[BlackElo "2202"]
[PlyCount "69"]
[EventDate "2024.02.14"]
[EventType "swiss (blitz)"]
[EventRounds "11"]
[EventCountry "NET"]
[SourceTitle "CB08_2024"]
[SourceDate "2024.02.21"]
[SourceVersion "1"]
[SourceVersionDate "2024.02.21"]
[SourceQuality "1"]

1. c4 c6 2. d4 d5 3. Nc3 Nf6 4. Nf3 e6 5. e3 Nbd7 6. Bd3 dxc4 7. Bxc4 b5 8. Bd3 Bb7 9. 0-0 a6 10. e4 c5 11. d5 b4 12. Na4 exd5 13. exd5 Bxd5 14. Re1+ Be7 15. Qe2 Bxf3 16. gxf3 Ra7 17. Bf4 Nd5 18. Bd6 N7f6 19. Bxc5 Rc7 20. Bxa6 0-0 21. Rac1 Bxc5 22. Nxc5 Nh5 23. Qe5 Nhf4 24. Bf1 Rc6 25. Ne4 Rg6+ 26. Ng3 h5 27. Kh1 h4 28. Nf5 h3 29. Rcd1 Qg5 30. Ng3 Qxe5 31. Rxe5 Nf6 32. Rf5 Ra8 33. Rxf4 Rxa2 34. Rxb4 Nh7 35. Rb8+ 1-0

[Event "Swiss Queens Wed #2"]
[Site "FIDE Online Arena INT"]
[Date "2024.02.07"]
[Round "5"]
[White "Bodnaruk, Anastasia"]
[Black "Zhukova, Natalia"]
[Result "1-0"]
[WhiteElo "2340"]
[BlackElo "2301"]
[PlyCount "139"]
[EventDate "2024.02.07"]
[EventType "swiss (blitz)"]
[EventRounds "11"]
[EventCountry "NET"]
[SourceTitle "CB07_2024"]
[SourceDate "2024.02.14"]
[SourceVersion "1"]
[SourceVersionDate "2024.02.14"]
[SourceQuality "1"]

1. e4 e5 2. Nf3 Nc6 3. Bb5 a6 4. Ba4 g6 5. c3 Bg7 6. d4 exd4 7. cxd4 b5 8. Bb3 Nge7 9. d5 Na5 10. Bc2 Nc4 11. Nc3 d6 12. 0-0 0-0 13. Nd4 Bd7 14. b3 Nb6 15. Bb2 c5 16. dxc6 Nxc6 17. Nce2 Ne7 18. Ba3 d5 19. Rc1 Re8 20. Ng3 Rc8 21. Qd2 Bg4 22. Bb2 h5 23. h3 h4 24. hxg4 hxg3 25. fxg3 Qd6 26. Qf2 Rf8 27. Rcd1 Qc7 28. Bb1 dxe4 29. Bxe4 Nbd5 30. Bxd5 Nxd5 31. Nxb5 axb5 32. Bxg7 Kxg7 33. Rxd5 Qc6 34. Qd4+ Kg8 35. Rd6 Qc5 36. Qxc5 Rxc5 37. Rf2 Re8 38. Rdf6 Re7 39. Rd2 b4 40. Rf4 Rb5 41. Rdd4 Reb7 42. Kf2 Kg7 43. Rfe4 Ra7 44. Re2 Rab7 45. Kf3 Ra7 46. Rc2 Rab7 47. Rdc4 Ra7 48. Rc7 Rab7 49. Rxb7 Rxb7 50. Rc4 Ra7 51. Rc2 Rb7 52. Ke4 Rb5 53. Kd4 Rg5 54. Ke3 Rxg4 55. Kf3 Rg5 56. Rc4 Rb5 57. Ke3 Ra5 58. Rxb4 Rxa2 59. Kf3 Rb2 60. Rb8 f5 61. b4 g5 62. Rb6 Rb3+ 63. Kf2 Rb2+ 64. Kg1 Rb3 65. Kh1 Rxg3 66. b5 Rb3 67. Kg1 f4 68. Kf2 Kf7 69. Ke2 Kg7 70. Kf2 1-0

[Event "Swiss Queens Wed #2"]
[Site "FIDE Online Arena INT"]
[Date "2024.02.07"]
[Round "9"]
[White "Toncheva, Nadya"]
[Black "Zhukova, Natalia"]
[Result "0-1"]
[WhiteElo "2257"]
[BlackElo "2301"]
[PlyCount "90"]
[EventDate "2024.02.07"]
[EventType "swiss (blitz)"]
[EventRounds "11"]
[EventCountry "NET"]
[SourceTitle "CB07_2024"]
[SourceDate "2024.02.14"]
[SourceVersion "1"]
[SourceVersionDate "2024.02.14"]
[SourceQuality "1"]

1. e4 e5 2. Nf3 Nc6 3. Bb5 a6 4. Ba4 g6 5. 0-0 Bg7 6. c3 b5 7. Bb3 Nge7 8. d4 exd4 9. cxd4 d6 10. Nc3 0-0 11. Bg5 h6 12. Be3 Na5 13. Bc2 Nc4 14. Bc1 c5 15. b3 Nb6 16. Be3 Bg4 17. Rc1 Rc8 18. Ne2 Bxf3 19. gxf3 c4 20. d5 Nd7 21. Kh1 Kh7 22. Bd4 Ne5 23. f4 Ng4 24. Bxg7 Kxg7 25. Nd4 h5 26. h3 Nf6 27. Rg1 Kh7 28. bxc4 Rxc4 29. Nf3 Qb6 30. Ng5+ Kg7 31. Qe2 Rfc8 32. Qd2 Qc5 33. e5 dxe5 34. fxe5 Qxd5+ 35. Qxd5 Nfxd5 36. e6 f5 37. Nf7 Rxc2 38. Rcd1 Rxf2 39. Rge1 Rcc2 40. Kg1 Rg2+ 41. Kh1 Rh2+ 42. Kg1 Rcg2+ 43. Kf1 Rxa2 44. Kg1 Rag2+ 45. Kf1 Nf4 0-1